000 01895nam a22002777a 4500
003 PE SENCICO BE
005 20260423175223.0
008 260423b |||||||| |||| 00| 0 eng d
017 _21501222004-8314
020 _a9972-707-63-6
040 _aPE SENCICO BE
_cPE SENCICO BE
041 _aspa
082 _a006.69
_bR47
100 1 _aReynoso Zárate, José Luis Germán
_9659
_eautor
245 1 _aDiseño de obras de infraestructura con AutoCAD LandDesktop 2008 :
_bCivil Design, Raster, Survey /
_cJosé Luis Germán Reynoso Zárate
250 _a1a ed.
260 _aLima :
_bMacro ;
_c2007
300 _a800 páginas :
_bilustraciones ;
_c21 cm.
505 0 _aIntroducción a la Topografía – Introducción a Autodesk Land Desktop -- Importación, Control y Edición de Puntos a través de Cogo – Uso de herramientas Dibujo y Edición – Trabajando con superficies – Alineamientos y parcelas – Exportación e importación de datos en LandXml – Civil Design – Civil Design aplicado a la vialidad – Autodesk Survey – Raster Design –Diseño geométrico de carreteras – Diseño de obras.
520 3 _aDesarrolla todas las funciones de Autodesk Land Desktop, como el programa más difundido en el mundo para las aplicaciones verticales hacia la ingeniería civil y movimiento de tierras. Explica su potencial como el producto más conocido para Topografía en el mundo del CAD, desarrollado por la compañía Autodesk. Se complementa con el desarrollo de Autodesk Survey, como interfase de las estaciones totales y colectores de datos con el Land, y el Civil Design para complementar las poderosas herramientas para la automatización de los proyectos aplicados a vialidad.
650 1 0 _aAutoCad (Programa para computadora)
_9422
650 2 0 _aGráficos por computadora
_9423
650 2 0 _aTopografía
_9245
910 _ahfp
942 _2ddc
_cLIB
999 _c9892
_d9892